[Event "Oslo Chess Festival 2017"]
[Site "Oslo"]
[Date "2017.09.30"]
[Round "3"]
[White "Vovk, Andriy"]
[Black "Efroimski, Marsel"]
[Result "1-0"]
[WhiteElo "2622"]
[BlackElo "2331"]
[Annotator "TA"]
[PlyCount "57"]
[EventDate "2017.??.??"]
[EventType "swiss"]
[EventCountry "NOR"]
[SourceTitle "playchess.com"]
[Source "ChessBase"]
[SourceQuality "1"]

{[%evp 24,57,57,37,56,17,50,57,102,108,102,101,131,121,173,166,160,158,157,147,233,209,309,320,328,194,185,198,275,243,966,961,937,918,29996,29997]} 1. e4 c5 2. Nf3 d6 3. d4 cxd4 4. Nxd4 Nf6 5. Nc3 Nc6 6. f3 e5 7. Nb3 Be7 8. Be3 Be6 9. Qe2 {B56: Sizilianisch (Abweichung von Sozin- und Richter/Rauser-Variante)} (9. Nd5 Bxd5 10. exd5 Nb4 11. c4 a5 12. Be2 Na6 13. Nd2 O-O 14. Nb1 Nd7 15. Qd2 f5 16. Nc3 Bh4+ 17. g3 f4 18. Bf2 Bg5 {½-½ (47) Caruana,F (2807)-Vachier Lagrave,M (2819) Saint Louis 2016}) 9... O-O 10. O-O-O Na5 11. Qb5 Nxb3+ 12. axb3 Qc7 13. g4 {LiveBook: 3 Partien} a6 14. Qd3 Rac8 {zielt auf ...d5! ab.} 15. g5 $146 ({Vorgänger:} 15. Rd2 b5 16. g5 Nd7 {½-½ (48) Kacharava,N (2180)-Sargsyan,S (2409) Kirishi 2017}) 15... Nd7 16. Kb1 b5 17. h4 {[%cal Bh2h4,Bh4h5][%mdl 32]} Nc5 18. Qd2 b4 (18... Kh8 $16) 19. Nd5 $18 Bxd5 20. Qxd5 a5 21. Bc4 a4 (21... Qd8 $16 22. Rhg1 Ne6) 22. h5 $1 a3 (22... axb3 $142 23. cxb3 Nd7) 23. g6 {[%cal Bg5g6,Bg6f7][%mdl 32]} h6 24. Rhg1 ({Keinesfalls} 24. gxf7+ Kh8 $18) (24. bxa3 $142 Na4 25. gxf7+ (25. bxa4 Qxc4 26. Qxc4 Rxc4 $11) 25... Kh8 26. Ka1 (26. bxa4 Qxc4 27. Qxc4 Rxc4 $16)) 24... axb2 25. Kxb2 Na4+ {[#]} (25... Qa7 $142 26. gxf7+ Kh8) 26. Kc1 $1 (26. bxa4 Qxc4 27. gxf7+ Kh7 $16) 26... Nb6 $2 (26... Nc3 27. gxf7+ Kh8) 27. gxf7+ Kh8 {[#]} 28. Qe6 $1 {jetzt Txg7! und aus.} ({Nicht} 28. Bxb6 Qxb6 29. Kb2 Ra8 $16) 28... Nxc4 {[#]} 29. Rxg7 $1 {[%mdl 512] Precision: Weiß = 86%, Schwarz = 41%.} 1-0

[Event "Oslo Chess Festival 2017"]
[Site "Oslo"]
[Date "2017.09.30"]
[Round "3"]
[White "Cornette, Matthieu"]
[Black "Risting, Eivind Olav"]
[Result "1-0"]
[WhiteElo "2602"]
[BlackElo "2322"]
[Annotator "TA"]
[PlyCount "75"]
[EventDate "2017.??.??"]
[EventType "swiss"]
[EventCountry "NOR"]
[SourceTitle "playchess.com"]
[Source "ChessBase"]
[SourceQuality "1"]

{[%evp 18,75,10,11,19,14,25,17,25,25,16,28,22,17,56,56,60,60,57,54,57,59,56,55,87,88,83,48,100,100,139,137,137,132,167,174,166,162,176,166,137,145,162,162,193,190,176,164,158,112,104,104,88,91,173,165,279,267,693,672]} 1. e4 c6 2. d4 d5 3. exd5 cxd5 4. Bd3 Nc6 5. c3 Qc7 6. Ne2 Bg4 7. O-O {B13: Caro-Kann (Abtausch-Variante 4.c4)} Nf6 8. Qe1 e6 (8... g6 9. Bf4 Qb6 10. h3 Bxe2 11. Qxe2 Bg7 12. a4 O-O 13. Re1 Rfe8 14. Na3 Nh5 {0-1 (41) Bachmann,A (2648)-Dreev,A (2648) Tbilisi 2017}) 9. f3 Bh5 10. Qh4 {LiveBook: 3 Partien. zielt auf Sf4 ab.} Bg6 $146 ({Vorgänger:} 10... h6 11. Qh3 Bd6 12. Ng3 Bxg3 13. Qxg3 Qxg3 14. hxg3 Bg6 15. Be2 h5 16. Nd2 Nd7 17. Nb3 f6 18. Kf2 Bf5 19. Be3 Kf7 20. a4 {½-½ (20) Santos Ruiz,M (2505)-Sorokin,A (2486) Mamaia 2017}) 11. Bxg6 fxg6 12. Re1 Kf7 13. Bf4 Qb6 14. Nd2 e5 15. Be3 $36 {[%mdl 2048] Weiss hat gut koordiniertes Spiel.} exd4 16. Nxd4 Nxd4 17. Bxd4 ({Natürlich nicht} 17. cxd4 Re8 $11) 17... Bc5 18. Nb3 Bxd4+ 19. Qxd4 Qxd4+ 20. Nxd4 a6 21. Re6 Rhe8 22. Rae1 g5 ({Lieber} 22... Nd7 $14) 23. Kf2 $16 g6 24. Rb6 Rxe1 25. Kxe1 {[%mdl 4096] Endspiel KTS-KTS} Re8+ 26. Kd2 Re7 27. Nb3 g4 {[#]} 28. Na5 $1 gxf3 29. gxf3 Re5 30. Rxb7+ Ke6 31. Rb6+ Kf7 32. Rxa6 {Und Sc6 würde nun gewinnen.} Rh5 33. Ke3 Rxh2 34. Rb6 h5 35. Nc6 Rh1 (35... Rg2 $16 {kämpft weiter.}) 36. Rb7+ $18 Kf8 (36... Ke8 {ist wohl besser.} 37. Rg7 Rg1) 37. Ne5 g5 $2 {[#]} (37... Kg8 38. Nxg6 h4) 38. Rf7+ {Precision: Weiß = 86%, Schwarz = 39%.} 1-0

[Event "Oslo Chess Festival 2017"]
[Site "Oslo"]
[Date "2017.09.30"]
[Round "3"]
[White "Chatalbashev, Boris"]
[Black "Tryggestad, Andreas Garberg"]
[Result "1-0"]
[WhiteElo "2537"]
[BlackElo "2302"]
[Annotator "TA"]
[PlyCount "69"]
[EventDate "2017.??.??"]
[EventType "swiss"]
[EventCountry "NOR"]
[SourceTitle "playchess.com"]
[Source "ChessBase"]
[SourceQuality "1"]

{[%evp 13,69,26,29,25,17,1,27,37,54,0,29,29,36,0,-2,-20,-8,-27,0,-10,-13,-27,0,-5,0,0,0,0,16,20,123,122,125,134,132,127,108,102,115,113,141,131,159,155,155,155,155,155,164,155,155,158,154,144,652,652,662,662]} 1. c4 Nf6 2. Nc3 d5 3. cxd5 Nxd5 4. g3 Nxc3 5. bxc3 g6 6. Bg2 Bg7 7. Rb1 Nc6 8. Nf3 {A16: English Opening: 1...Nf6 with ...d5} O-O 9. Qc2 (9. Qa4 Qd7 10. d4 Nxd4 11. Qxd7 Nxf3+ 12. Bxf3 Bxd7 13. Rxb7 Bxc3+ 14. Bd2 Be5 15. Bf4 Bxf4 16. gxf4 {½-½ (28) Topalov,V (2749)-Mamedyarov,S (2800) Paris 2017}) 9... e5 10. d3 {White has an edge.} Rb8 11. O-O (11. h4 $14) 11... Be6 $146 ({Predecessor:} 11... h6 12. e4 Qd6 13. Rd1 Bg4 14. h3 Bxf3 15. Bxf3 b5 16. Be3 Rfd8 17. a4 a6 18. axb5 axb5 {1-0 (43) Barcenilla,R (2501)-Laylo,D (2489) Boracay Island 2012}) 12. Ng5 Bd7 13. Rd1 b6 14. h4 h6 15. Nf3 {[%cal Bg5f3,Bf3d2,Bd2f1,Bf1e3,Be3d5][%mdl 32]} Qe7 16. Nd2 Na5 17. e4 c5 18. Nf1 Bc6 19. h5 Qd7 {...Ba4 is the strong threat.} 20. Qe2 $1 Ba4 21. Rd2 $1 c4 (21... Qe6 $11) 22. dxc4 $16 Qe6 23. Ne3 Rfd8 24. Rxd8+ Rxd8 25. Kh2 Qd6 26. Nd5 Rc8 27. Bh3 Rxc4 28. hxg6 fxg6 {[#]} 29. Rb4 $1 {[%cal Rb4c4]} Rxc3 {[#]} 30. Bd2 $1 {[%cal Rd2c3]} ({But not} 30. Nxc3 $6 Qxb4 31. Nxa4 Qxa4 $11) 30... Ra3 {[#]} 31. Rxb6 $1 {[%mdl 512]} axb6 32. Bb4 $36 {[%mdl 2048] White is in control.} Qd8 {aiming for ...Bf8.} 33. Bxa3 Bd7 $2 {[%mdl 8192]} (33... Kh7 $16 34. Qf3 Nc4) 34. Qd3 $18 Kh8 35. Ne7 {Precision: White = 70%, Black = 39%.} 1-0

[Event "Oslo Chess Festival 2017"]
[Site "Oslo"]
[Date "2017.09.30"]
[Round "3"]
[White "Stany, G A"]
[Black "Al-Tarbosh, Ward"]
[Result "1-0"]
[WhiteElo "2491"]
[BlackElo "2270"]
[Annotator "TA"]
[PlyCount "42"]
[EventDate "2017.??.??"]
[EventType "swiss"]
[EventCountry "NOR"]
[SourceTitle "playchess.com"]
[Source "ChessBase"]
[SourceQuality "1"]

{[%evp 21,42,-4,0,-31,0,-70,-10,-13,-27,-29,42,41,51,45,155,148,227,235,242,202,195,81,42]} 1. e4 e6 2. d4 d5 3. e5 c5 4. c3 Nc6 5. Nf3 Qb6 6. a3 Nh6 {[%cal Bg8h6,Bh6f5,Bf5e7,Be7g6][%mdl 32]} 7. b4 cxd4 8. cxd4 Nf5 9. Bb2 Bd7 10. g4 Nfe7 11. Nc3 Ng6 {LiveBook: 19 Games. C02: French: Advance Variation} (11... Na5 12. Nd2 Rc8 13. Na4 Qc6 14. b5 Qc7 15. Rc1 Qd8 16. Nc5 Ng6 17. Nxd7 Qxd7 18. h4 Be7 19. h5 {½-½ (41) Areshchenko,A (2709)-Romanov,E (2640) Legnica 2013}) 12. Qd2 h5 13. Rg1 $146 (13. g5 $1 $11) ({Predecessor:} 13. g5 Be7 14. Rc1 O-O 15. Be2 Qd8 16. Rg1 a5 17. b5 Na7 18. Rb1 a4 19. Kf1 {0-1 (57) Lavrentyev,Y (2295)-Shalamanov,A (2296) ICCF email 2009}) 13... Nce7 (13... hxg4 $15 14. Rxg4 Nce7) 14. h3 $11 hxg4 15. hxg4 f6 (15... Nc8 $11) 16. Bd3 $14 Rh3 17. Rg3 Rxg3 ({Black should play} 17... Rh1+ $14 18. Ke2 Rxa1 19. Bxa1 O-O-O) 18. fxg3 $16 fxe5 (18... Kd8 $16 19. Kf1 Be8) 19. dxe5 $18 ({Not} 19. Bxg6+ Nxg6 20. Qg5 Ne7 $11) 19... Nh8 ({Don't play} 19... Nxe5 20. Nxe5 Qg1+ 21. Ke2 $18) 20. Ke2 Nf7 21. Qf4 (21. Rf1 $18 {is more deadly.}) 21... d4 {Precision: White = 47%, Black = 50%.} 1-0

[Event "Oslo Chess Festival 2017"]
[Site "Oslo"]
[Date "2017.09.30"]
[Round "3"]
[White "Notkevich, Benjamin Arvola"]
[Black "Myhrvold, Rune"]
[Result "1-0"]
[WhiteElo "2458"]
[BlackElo "2243"]
[Annotator "TA"]
[PlyCount "67"]
[EventDate "2017.??.??"]
[EventType "swiss"]
[EventCountry "NOR"]
[SourceTitle "playchess.com"]
[Source "ChessBase"]
[SourceQuality "1"]

{[%evp 25,67,38,45,51,48,17,32,12,19,0,0,0,34,0,1,0,6,0,0,0,20,0,32,0,84,88,86,0,184,174,167,173,197,88,97,131,114,57,103,100,155,149,770,766]} 1. e4 c6 2. d4 d5 3. Nc3 dxe4 4. Nxe4 Nf6 5. Nxf6+ exf6 6. c3 Bd6 7. Bd3 O-O 8. Qc2 Re8+ 9. Ne2 g6 10. Be3 Nd7 11. O-O-O Nf8 12. Kb1 b5 13. h4 Be6 14. h5 {B15: Caro-Kann: 3 Nc3: 3...g6 and 3...dxe4 4 Nxe4 Nf6 5 Nxf6+ exf6} Qa5 $146 ({Predecessor:} 14... Qc7 15. hxg6 fxg6 16. g3 Qf7 17. b3 a5 18. Nf4 Bxf4 19. Bxf4 {0-1 (31) Goessling,G (2186)-Saltaev,M (2497) Dortmund 2004}) 15. Nc1 Bd5 16. hxg6 {White is slightly better.} fxg6 17. Bh6 Qc7 18. f3 f5 19. Rh3 Re7 20. c4 bxc4 21. Bxc4 Rae8 22. Rhh1 Qa5 23. Nb3 Qb6 24. Rc1 Rc7 (24... Ne6 $11 {remains equal.}) 25. Bd2 $36 {[%mdl 2048] Hoping for Ba5. White is on the roll.} Rce7 26. Na5 {[#]} (26. Ba5 $16 Qb7 27. Nc5) 26... Nd7 $2 {[#]} (26... Re2 $1 $11 {[%mdl 512]}) 27. Qa4 $1 $18 {aiming for Nxc6.} Kh8 {[#]} ({Don't blunder} 27... Qxd4 $2 28. Nxc6 Qxd2 29. Rhd1 $18) ({Reject} 27... Rb8 28. b3 $18) 28. Bg5 $1 Rf7 29. Nb3 (29. Bb3 $18) 29... Qb8 30. Bxd5 cxd5 31. Rc6 (31. Qc6 $16) 31... Rff8 32. Rhc1 Nb6 (32... f4 $142) 33. Qb5 $16 Rf7 $2 {[%mdl 8192] [#]} (33... Be7 $16 34. Bh6 Rg8) 34. Rxd6 $1 {[%mdl 512] Precision: White = 42%, Black = 38%.} 1-0

[Event "Oslo Chess Festival 2017"]
[Site "Oslo"]
[Date "2017.09.30"]
[Round "3"]
[White "Djurhuus, Rune"]
[Black "Ingebretsen, Jens E"]
[Result "1/2-1/2"]
[WhiteElo "2417"]
[BlackElo "2062"]
[Annotator "TA"]
[PlyCount "123"]
[EventDate "2017.??.??"]
[EventType "swiss"]
[EventCountry "NOR"]
[SourceTitle "playchess.com"]
[Source "ChessBase"]
[SourceQuality "1"]

{[%evp 21,123,22,22,0,20,16,20,14,20,7,42,45,67,33,46,10,49,46,47,14,11,17,25,16,17,8,6,-41,54,61,160,152,129,83,121,0,219,204,282,276,579,419,710,429,396,96,133,33,17,0,0,0,0,0,21,0,0,0,0,0,0,0,0,0,0,0,15,15,38,15,15,15,15,15,8,16,16,16,16,30,64,8,47,47,47,14,47,14,14,0,0,0,0,0,0,0,0,0,0,0,0,0,0,0]} 1. d4 Nf6 2. c4 e6 3. Nc3 Bb4 4. e3 O-O 5. Bd3 d5 6. Nf3 c5 7. O-O dxc4 8. Bxc4 b6 9. Qe2 Bb7 10. a3 Bxc3 11. bxc3 Qc7 12. Nd2 {E54: Nimzo-Indian: Rubinstein: Main Line: 7...dxc4 8 Bxc4} (12. Bd3 Be4 13. a4 Nbd7 14. Bb2 Rac8 15. Ba6 Bb7 16. Bxb7 Qxb7 17. c4 cxd4 18. exd4 Qe4 19. Qd1 Qb7 {0-1 (47) Lodici,L (2408)-Zakhartsov,V (2539) Riga 2017}) 12... Rd8 13. Bb2 Nc6 14. f4 Rac8 15. Bd3 Qe7 $146 ({Predecessor:} 15... Ne7 16. e4 b5 17. Rac1 Ng6 18. Qf2 {1-0 (53) Dolin,B (2391)-Kozlov,V (2391) ICCF email 2012}) 16. Rad1 Nd5 17. e4 Nc7 {[%cal Rc5d4]} 18. Nf3 a6 19. e5 g6 20. Bb1 cxd4 21. cxd4 Na5 22. Ng5 Nd5 23. Ne4 Nc4 24. Rf3 Qh4 (24... f5 $15 25. exf6 Nxf6) 25. Bc1 $14 Re8 (25... Qe7 $14) 26. Rh3 $1 $16 {[%cal Rh3h4]} Qe7 27. Qf2 f6 28. Qg3 ({White should try} 28. Rh6 $16) 28... Rf8 $2 (28... Qg7 $11) 29. exf6 $18 Nxf6 {[#]} 30. Ng5 $1 {[%cal Rg5h7]} Rc7 $2 (30... Rf7 {is more resistant.} 31. Re1 (31. Nxf7 Qxf7 32. f5 exf5 $18) 31... Qd7) 31. Re1 Bc8 (31... Qd6 $142 32. Nxe6 Be4) 32. f5 Qd8 33. Nxe6 $2 (33. fxg6 $18 {and the rest is easy.} Qxd4+ 34. Kh1 (34. Be3 Nxe3 35. gxh7+ Kh8 $18)) 33... Bxe6 $16 {[#]} 34. fxe6 (34. Rh4 $1 $16 Bf7 35. fxg6 Bxg6 36. Bh6 (36. Bxg6 hxg6 37. Rf1 Qd6 $11)) 34... Qxd4+ $14 35. Be3 Nxe3 36. Qxe3 Qxe3+ 37. Rhxe3 Re8 38. e7 Kg7 39. Ba2 Ng8 40. Bxg8 $1 Kxg8 $11 {[%mdl 4096] Endgame KRR-KRR} 41. Re6 Rb7 42. Rb1 b5 43. Rxa6 Rexe7 44. Ra5 Re3 45. a4 b4 46. Rb5 Ra7 47. R5xb4 Ra3 48. Rb8+ Kg7 49. R8b7+ Rxb7 50. Rxb7+ {KR-KR} Kf6 51. Rb4 (51. Ra7 $14) 51... Ra2 52. h4 h6 53. Kf1 Kf7 54. g3 h5 {The position is equal.} 55. g4 hxg4 56. Rxg4 Rh2 57. Ke1 Ke7 58. Kd1 Kd7 59. Kc1 Kc7 60. Kb1 Kb7 61. Rc4 Rg2 62. a5 {Precision: White = 52%, Black = 52%.} 1/2-1/2

[Event "Oslo Chess Festival 2017"]
[Site "Oslo"]
[Date "2017.09.30"]
[Round "3"]
[White "Vogt, Lothar"]
[Black "Lindblom, Roar"]
[Result "1-0"]
[WhiteElo "2401"]
[BlackElo "1940"]
[Annotator "ChessBase"]
[PlyCount "133"]
[EventDate "2017.??.??"]
[EventType "swiss"]
[EventCountry "NOR"]
[SourceTitle "playchess.com"]
[Source "ChessBase"]
[SourceQuality "1"]
[TimeControl "5400+30"]

1. Nf3 {[%emt 0:00:02]} d5 {[%emt 0:00:59]} 2. g3 {[%emt 0:00:04]} c5 {[%emt 0:01:18]} 3. Bg2 {[%emt 0:00:05]} Nc6 {[%emt 0:00:52]} 4. O-O {[%emt 0:00:07]} e5 {[%emt 0:01:17]} 5. d3 {[%emt 0:00:26]} Nf6 {[%emt 0:05:51]} 6. e4 {[%emt 0:00:55]} d4 {[%emt 0:02:03]} 7. a4 {[%emt 0:01:56]} Be7 {[%emt 0:08:55]} 8. Na3 {[%emt 0:01:01]} Bg4 {[%emt 0:00:50]} 9. h3 {[%emt 0:02:30]} Bxf3 {[%emt 0:00:23]} 10. Qxf3 {[%emt 0:00:29]} a6 {[%emt 0:01:26]} 11. Nc4 {[%emt 0:03:45]} b5 {[%emt 0:06:40]} 12. axb5 {[%emt 0:00:25]} axb5 {[%emt 0:00:06]} 13. Rxa8 {[%emt 0:00:11]} Qxa8 {[%emt 0:00:08]} 14. Nb6 {[%emt 0:00:19]} Qb7 {[%emt 0:02:36]} 15. Nd5 {[%emt 0:00:03]} Nd8 {[%emt 0:07:46]} 16. Nxe7 {[%emt 0:07:48]} Qxe7 {[%emt 0:00:18]} 17. Qe2 {[%emt 0:03:14]} Nd7 {[%emt 0:05:41]} 18. f4 {[%emt 0:04:34]} O-O {[%emt 0:00:30]} 19. f5 {[%emt 0:00:43]} f6 {[%emt 0:00:54]} 20. g4 {[%emt 0:09:10]} Nf7 {[%emt 0:00:39]} 21. h4 {[%emt 0:02:58]} h6 {[%emt 0:03:59]} 22. Rf3 {[%emt 0:01:12]} Ra8 {[%emt 0:00:17]} 23. Kh2 {[%emt 0:03:09]} Ra6 {[%emt 0:06:50]} 24. Rf1 {[%emt 0:08:35]} Ra1 {[%emt 0:06:36]} 25. Bd2 {[%emt 0:07:02]} Ra2 {[%emt 0:01:49]} 26. Rb1 {[%emt 0:01:07]} Nb6 {[%emt 0:00:24]} 27. Qd1 {[%emt 0:01:58]} c4 {[%emt 0:01:04]} 28. Bf1 {[%emt 0:01:00]} Qc5 {[%emt 0:01:40]} 29. Qc1 {[%emt 0:07:32]} Qe7 {[%emt 0:03:47]} 30. Ra1 {[%emt 0:04:10]} Rxa1 {[%emt 0:03:11]} 31. Qxa1 {[%emt 0:00:05]} Qb7 {[%emt 0:03:08]} 32. Qa3 {[%emt 0:08:52]} Qc6 {[%emt 0:02:48]} 33. Bb4 {[%emt 0:03:39]} cxd3 {[%emt 0:04:35]} 34. Bxd3 {[%emt 0:05:26]} Nc4 {[%emt 0:00:15]} 35. Qb3 {[%emt 0:00:34]} Kh7 {[%emt 0:01:56]} 36. Kg3 {[%emt 0:00:31]} Nfd6 {[%emt 0:01:24]} 37. Bxd6 {[%emt 0:00:44]} Nxd6 {[%emt 0:00:34]} 38. Kf3 {[%emt 0:01:27]} Nc4 {[%emt 0:01:55]} 39. Ke2 {[%emt 0:01:29]} Nd6 {[%emt 0:00:34]} 40. Qe6 {[%emt 0:00:27]} Qc5 {[%emt 0:00:56]} 41. g5 {[%emt 0:00:11]} hxg5 {[%emt 0:01:47]} 42. hxg5 {[%emt 0:00:02]} fxg5 {[%emt 0:00:38]} 43. b3 {[%emt 0:00:53]} g4 {[%emt 0:02:21]} 44. Qg6+ {[%emt 0:00:44]} Kh8 {[%emt 0:00:12]} 45. Qxg4 {[%emt 0:00:16]} Qc7 {[%emt 0:01:31]} 46. Qg5 {[%emt 0:01:07]} Nf7 {[%emt 0:01:37]} 47. Qg6 {[%emt 0:01:20]} Nd6 {[%emt 0:03:44]} 48. Qe6 {[%emt 0:00:30]} Qc5 {[%emt 0:00:25]} 49. Kf3 {[%emt 0:00:26]} Kh7 {[%emt 0:03:15]} 50. Kg4 {[%emt 0:00:51]} Qb4 {[%emt 0:00:42]} 51. Qxe5 {[%emt 0:00:41]} Nf7 {[%emt 0:00:11]} 52. Qh2+ {[%emt 0:00:59]} Nh6+ {[%emt 0:00:26]} 53. Kf3 {[%emt 0:02:09]} Qe1 {[%emt 0:00:13]} 54. Qf2 {[%emt 0:00:49]} Qd1+ {[%emt 0:00:35]} 55. Kf4 {[%emt 0:00:47]} Qg4+ {[%emt 0:00:38]} 56. Ke5 {[%emt 0:00:06]} Qg5 {[%emt 0:01:16]} 57. Kxd4 {[%emt 0:01:39]} Ng4 {[%emt 0:00:15]} 58. Qg3 {[%emt 0:00:52]} Qf6+ {[%emt 0:01:16]} 59. Kc5 {[%emt 0:02:12]} Ne5 {[%emt 0:00:26]} 60. Kb4 {[%emt 0:02:16]} Qd6+ {[%emt 0:00:19]} 61. Kxb5 {[%emt 0:01:09]} Qb8+ {[%emt 0:00:35]} 62. Ka4 {[%emt 0:00:19]} Qa7+ {[%emt 0:00:25]} 63. Kb4 {[%emt 0:00:19]} Qb6+ {[%emt 0:01:19]} 64. Ka3 {[%emt 0:00:27]} Qd4 {[%emt 0:00:25]} 65. Ka2 {[%emt 0:00:16]} Kg8 {[%emt 0:00:38]} 66. Kb1 {[%emt 0:00:06]} Qc5 {[%emt 0:01:07]} 67. f6 {[%emt 0:00:18]} 1-0

[Event "Oslo Chess Festival 2017"]
[Site "Oslo"]
[Date "2017.09.30"]
[Round "3"]
[White "Haug, Johannes"]
[Black "Gajewski, Grzegorz"]
[Result "1/2-1/2"]
[WhiteElo "2379"]
[BlackElo "2630"]
[Annotator "TA"]
[PlyCount "111"]
[EventDate "2017.??.??"]
[EventType "swiss"]
[EventCountry "NOR"]
[SourceTitle "playchess.com"]
[Source "ChessBase"]
[SourceQuality "1"]

{[%evp 18,111,42,23,32,14,43,36,37,18,31,19,22,43,19,31,42,29,27,42,34,34,33,33,35,31,29,20,20,26,19,-110,-110,-107,-110,-116,-110,-109,-110,-110,-110,-106,-109,-102,-29,-42,-21,-46,-39,-39,7,0,0,0,0,0,0,0,0,0,0,0,0,0,0,0,45,0,0,0,0,0,0,-5,0,0,0,-18,-10,-13,-13,-13,-13,-18,-18,-18,-18,-18,-18,-18,-18,-34,-34,-34,-34,-48]} 1. d4 Nf6 2. c4 e6 3. Nf3 Bb4+ 4. Bd2 c5 5. Bxb4 cxb4 6. g3 O-O 7. Bg2 d6 8. O-O a5 9. a3 Na6 10. Ne1 {LiveBook: 3 Games. E11: Bogo-Indian} (10. Nbd2 Qc7 11. Rc1 b6 12. Ne1 Bb7 13. Qb3 e5 14. Nc2 Bxg2 15. Kxg2 bxa3 16. bxa3 Rfe8 17. Rfd1 h5 {1-0 (61) Vidit,S (2689)-Moiseenko,A (2657) Doha 2016}) 10... Qb6 $146 ({Predecessor:} 10... e5 11. Nc2 Qb6 12. Nd2 Be6 13. b3 Rfd8 14. e3 bxa3 15. Rxa3 Bf5 16. e4 Bg4 17. Qa1 Nb4 18. Nxb4 Qxb4 {0-1 (37) Avrukh,B (2525)-Yemelin,V (2485) Beersheba 1998}) 11. axb4 axb4 12. e3 {White is slightly better.} e5 13. c5 dxc5 14. dxe5 Ng4 15. Nf3 Rd8 16. Qc2 Qc7 17. Qe4 c4 18. Nbd2 {[%cal Bb1d2,Bd2b3,Bb3d4,Bd4e6][%mdl 32]} c3 19. bxc3 bxc3 20. Nb3 Be6 21. Nbd4 Nc5 $1 {[%cal Rc5e4]} 22. Nxe6 Rxa1 $1 23. Rxa1 (23. Nxc7 $2 Rxf1+ 24. Kxf1 Nxe4 $19) 23... Nxe6 (23... Nxe4 $2 24. Nxc7 Ngxf2 25. Nd4 $18) 24. Rc1 {[#]} ({But not} 24. Qxg4 c2 $17) (24. Bf1 $11) 24... Nxf2 $1 $17 {[%mdl 512]} 25. Kxf2 Nc5 $36 {[%mdl 2048] Keeping White busy.} 26. Qc2 {Hoping for Nd4.} Nd3+ 27. Kg1 Nxc1 28. Qxc1 b5 {...c2 is the strong threat.} 29. Nd4 b4 {[%mdl 1024] aiming for ...c2. Black has strong compensation.} 30. e6 {[#]} Qc4 ({Better is} 30... c2 $1 $17 {[%mdl 512]} 31. Qxc2 (31. Nxc2 $2 fxe6 32. Qb1 Qc3 $19) 31... Qxc2 32. Nxc2 b3) 31. Bf1 $11 Qd5 (31... Qa2 $5 {[%cal Rf7e6]} 32. exf7+ Qxf7 $15) 32. Bg2 Qa2 33. exf7+ Kxf7 34. Bh3 Qd2 35. Be6+ Ke7 36. Qxd2 cxd2 37. Bb3 {Black must now prevent Nc6+.} Rf8 38. Kg2 g5 39. g4 h5 40. gxh5 g4 41. Bd1 Rh8 42. Kg3 ({Don't go for} 42. Bxg4 $2 Rg8 $19) (42. Kf1 $5 {[%cal Rd1g4]} Rxh5 43. Bxg4 Rxh2 44. Bd1 $14) 42... Rxh5 43. Kxg4 Rxh2 {Strongly threatening ...Rh1.} 44. Kf3 Kd6 45. e4 Kc5 46. Ke3 Kc4 {And now ...Rh3+ would win.} 47. Ne2 (47. Nf3 {feels hotter.} Rg2 48. Nxd2+ Kc3 49. Be2 Rg3+ 50. Bf3) 47... b3 {( -> ...b2)} 48. Bxb3+ Kxb3 49. Kxd2 {[%mdl 4096] Endgame KR-KN} Rh3 50. e5 Kc4 51. e6 Rd3+ 52. Kc2 Re3 53. Nc1 Rxe6 54. Kb2 Rh6 55. Kc2 Rh2+ 56. Kb1 {Precision: White = 55%, Black = 71%.} 1/2-1/2

[Event "Oslo Chess Festival 2017"]
[Site "Oslo"]
[Date "2017.09.30"]
[Round "3"]
[White "Devereaux, Maxim L"]
[Black "Maze, Sebastien"]
[Result "1/2-1/2"]
[WhiteElo "2357"]
[BlackElo "2614"]
[Annotator "TA"]
[PlyCount "122"]
[EventDate "2017.??.??"]
[EventType "swiss"]
[EventCountry "NOR"]
[SourceTitle "playchess.com"]
[Source "ChessBase"]
[SourceQuality "1"]

{[%evp 22,122,41,43,43,43,51,35,35,35,40,35,32,26,35,35,35,33,35,26,35,35,35,10,15,15,8,8,8,0,0,0,0,0,7,0,7,7,7,0,0,0,84,70,77,81,82,81,147,162,123,61,76,0,122,115,116,118,118,53,86,53,53,58,68,60,61,8,8,0,8,8,19,12,64,20,20,0,0,0,0,0,29,0,0,0,0,0,0,0,0,0,0,0,0,-4,-4,-4,0,0,0,0,0]} 1. d4 Nf6 2. c4 g6 3. Nc3 Bg7 4. e4 d6 5. Be2 O-O 6. Bg5 c5 7. d5 h6 8. Bf4 a6 9. a4 Qa5 10. Bd2 {E74: King's Indian: Averbakh Variation: 6...c5} e6 11. Nf3 exd5 12. exd5 {LiveBook: 5 Games. White is slightly better.} Bg4 13. O-O Qc7 14. Ra3 $146 ({Predecessor:} 14. h3 Bxf3 15. Bxf3 Nbd7 16. Qc1 Kh7 17. Qc2 Rae8 {½-½ (55) Krush,I (2452)-Zenyuk,I (2237) Berkeley 2008}) 14... Re8 15. h3 Bxf3 16. Bxf3 Nbd7 17. Re1 Rxe1+ 18. Qxe1 Re8 19. Qc1 h5 20. a5 Kh7 21. Rb3 Kg8 22. Be2 Ne4 23. Nxe4 Rxe4 24. Bd3 Re8 25. Bf1 Bd4 26. Bc3 Bxc3 27. Qxc3 Re4 28. f3 $36 {[%mdl 2048] Black is under pressure.} Re7 (28... Rd4 {is more complex.} 29. Qe3 Ne5 30. Qc1 Qd7 31. f4 Nxc4 32. Bxc4 Qa4) 29. Qd2 Nf6 30. Rb6 Re5 31. f4 Re4 (31... Re8 $11) 32. Bd3 $16 Rd4 33. Qe3 Ne4 34. f5 {Black must now prevent fxg6.} (34. Bxe4 $6 Qe7 $11) 34... gxf5 (34... Qe7 $142) 35. Bxe4 $1 fxe4 {[%mdl 4096] Endgame KQR-KQR} 36. Qg5+ Kf8 37. Qf6 ({Don't play} 37. Qxh5 Rxc4 38. Qh8+ Ke7 $11) (37. Qh6+ $16 Ke7 38. b3 (38. Qxh5 Rxc4 39. Qh4+ Ke8 $11)) 37... e3 (37... Rxc4 $11 {keeps the balance.} 38. Rxd6 Rc1+ 39. Kh2 Ke8) 38. Qh6+ Ke8 {[#] Hoping for ...Rd1+.} 39. Qxe3+ Qe7 40. Qxe7+ Kxe7 41. Rxb7+ {KR-KR} Kf6 42. b3 Rd3 43. Kf2 Ke5 44. Rxf7 (44. Re7+ $14 Kf6 45. Re3 Rd2+ 46. Kg3) 44... Rxb3 $11 45. Re7+ Kd4 46. Re6 Kxc4 47. Rxd6 Rd3 48. Rxa6 {Black should prevent Rh6.} Rxd5 49. Rh6 Kd3 50. a6 {Threatens to win with a7.} c4 51. a7 Ra5 (51... Rf5+ {feels hotter.} 52. Ke1 Ra5 53. Rh7 Ra1+ 54. Kf2 c3) 52. Rxh5 (52. Rd6+ {is interesting.} Ke4 53. Re6+ Kd4 54. Re7 c3 55. Rd7+) 52... Rxa7 {The position is equal.} 53. Rd5+ Ke4 54. Rd8 c3 55. Ke2 Ra2+ 56. Kd1 Rxg2 57. h4 Rh2 {[#]} 58. h5 $1 {[%mdl 512]} Rxh5 59. Kc2 Rd5 60. Rxd5 Kxd5 61. Kxc3 Ke5 {Precision: White = 70%, Black = 71%.} 1/2-1/2